000 00590nam a2200205 a 4500
001 BRCA_6428
005 20190320205441.0
008 210911s1884----gw-#######---#000-0#ger-#
041 _ager
044 _agw
050 4 _aPQ2288
_b.B74 1884
245 1 0 _aNotre-Dame in Paris
_cvon Victor Hugo; nach der letzten Ausgaben neu übersetzt von Friedrich Bremer.
260 _aLeipzig
_bPhilipp Reclam
_c1884
300 _a2 tomos en 1 volumen
_c14 cm.
500 _aL12
650 1 4 _aLiteratura francesa
_916055
700 1 _aBremer, Friedrich
_eed.
_916056
902 _aGFM
942 _2lcc
_cB
999 _c6112
_d6112